Projektarbeit erfolgreich gestalten Über individualisiertes, kooperatives Lernen zum selbstgesteuerten Kleingruppenprojekt
Gespeichert in:
| 1. Verfasser: | |
|---|---|
| Format: | Buch |
| Sprache: | Deutsch |
| Veröffentlicht: |
Bad Heilbrunn
Verlag Julius Klinkhardt
2022
|
| Ausgabe: | 2. aktualisierte Auflage |
| Schlagworte: | |
| Tags: |
Keine Tags, Fügen Sie das erste Tag hinzu!
|
MARC
| LEADER | 00000nam a2200000 4500 | ||
|---|---|---|---|
| 001 | 0301325 | ||
| 005 | 20240731112832.3 | ||
| 020 | |a 978-3-8252-5786-6 | ||
| 041 | 0 | |a ger | |
| 044 | |a DE | ||
| 245 | 1 | 0 | |a Projektarbeit erfolgreich gestalten |b Über individualisiertes, kooperatives Lernen zum selbstgesteuerten Kleingruppenprojekt |c Silke Traub |
| 250 | |a 2. aktualisierte Auflage | ||
| 264 | 1 | |a Bad Heilbrunn |b Verlag Julius Klinkhardt |c 2022 | |
| 300 | |a 278 s. | ||
| 610 | 2 | 0 | |a vyučovanie |
| 610 | 2 | 0 | |a pedagogika |
| 610 | 2 | 0 | |a projekty |
| 610 | 2 | 0 | |a riadenie projektov |
| 100 | 1 | |a Traub, Silke | |